Villes les plus peuplées - Statistiques

Statistiques générales
  • Ce quiz a été pris 81 fois
  • Le résultat moyen est 6 sur 10
Statistiques - réponses
Hint Réponse % Correct
37 millions Tokyo
97%
21 millions Pékin
92%
26 millions Shanghai
80%
20 millions Bombay
66%
22 millions Mexico
56%
22 millions São Paulo
47%
21 millions Le Caire
41%
19 millions Osaka
34%
32 millions Dehli
32%
22 millions Dhaka
8%
Aucun quiz correspondant
Distribution des résultats
% des personnes avec chaque résultat
Percentile par nombre de réponses
Votre historique - résultats
Vous n’avez pas pris ce quiz